Translation Tools and Technologies /
Zapisane w:
| Kolejni autorzy: | |
|---|---|
| Format: | Książka |
| Język: | angielski |
| Wydane: |
Abingdon, Inglaterra :
Routledge,
2023, c2023
|
| Seria: | (Routledge Introductions to Translation and Interpreting)
|
| Dostęp online: | Ver documento en línea |
| Etykiety: |
Nie ma etykietki, Dołącz pierwszą etykiete!
|
MARC
| LEADER | 00000nam^a2200000^a^4500 | ||
|---|---|---|---|
| 001 | 000580642 | ||
| 005 | 20251023000000.0 | ||
| 009 | 20260310132554.688 | ||
| 020 | |a 978-1-003-16079-3 | ||
| 037 | |a Acervo ITESO - Biblioteca | ||
| 041 | |a ING | ||
| 082 | |a 415. |b TRA | ||
| 245 | 0 | 0 | |a Translation Tools and Technologies / |c A. Rothwell... [et al.] ; pról. de Sergey Tyulenev. |
| 264 | 4 | |a Abingdon, Inglaterra : |b Routledge, |c 2023, c2023 | |
| 264 | 2 | |a Birmingham, EUA : |b EBSCOhost [distribución], |c 2024 | |
| 300 | |a 1 libro electrónico en línea (XXII, 247 p.) | ||
| 300 | |a 1 recurso en línea | ||
| 336 | |a datos para computadora |b cod |2 rdacontenido | ||
| 337 | |a computadora |b c |2 rdamedio | ||
| 338 | |a recurso en línea |b cr |2 rdasoporte | ||
| 440 | 1 | |a (Routledge Introductions to Translation and Interpreting) | |
| 506 | 0 | |a Licencias ilimitadas | |
| 521 | |a 2024 BO Licenciatura en Traducción e Interpretación | ||
| 649 | |a XX | ||
| 700 | |a Rothwell, Andrew |e (autor) | ||
| 856 | 4 | 0 | |u https://ezproxy.iteso.mx/login?url=https://search.ebscohost.com/login.aspx?direct=true&scope=site&db=nlebk&db=nlabk&AN=3585134 |y Ver documento en línea |
| 910 | |a Fondo General | ||
| 920 | |a Electrónicos - Libros en Línea | ||
| 930 | |a Plataforma Digital | ||
| 905 | |a 205 | ||
| 901 | |a 580642-1 |b IT2 |c EBO |i C |u 20250521 | ||
| 902 | |a https://opac.biblio.iteso.mx/vufind/Record/000580642 | ||